Indian educational abstracts (Record no. 30937)

MARC details
000 -LEADER
fixed length control field 01080nam a22002897a 4500
005 - DATE AND TIME OF LATEST TRANSACTION
control field 20091015103222.0
006 - FIXED-LENGTH DATA ELEMENTS--ADDITIONAL MATERIAL CHARACTERISTICS--GENERAL INFORMATION
fixed length control field a|||||r|||||00| 0
007 - PHYSICAL DESCRIPTION FIXED FIELD--GENERAL INFORMATION
fixed length control field he amb---bacp
007 - PHYSICAL DESCRIPTION FIXED FIELD--GENERAL INFORMATION
fixed length control field ta
008 - FIXED-LENGTH DATA ELEMENTS--GENERAL INFORMATION
fixed length control field 091015t xxu||||| |||| 00| 0 eng d
022 ## - INTERNATIONAL STANDARD SERIAL NUMBER
International Standard Serial Number 0972-5652
037 ## - SOURCE OF ACQUISITION
Source of stock number/acquisition Publication Dept., National Council of Educational Research and Training, Sri Aurobindo Marg, New Delhi-110016
040 ## - CATALOGING SOURCE
Original cataloging agency DLC
Transcribing agency DLC
042 ## - AUTHENTICATION CODE
Authentication code lcd
043 ## - GEOGRAPHIC AREA CODE
Geographic area code a-ii---
245 ## - TITLE STATEMENT
Title Indian educational abstracts
Remainder of title half-yearly journal
260 ## - PUBLICATION, DISTRIBUTION, ETC. (IMPRINT)
Place of publication, distribution, etc [New Delhi] :
Name of publisher, distributor, etc National Council of Educational Research and Training,
Date of publication, distribution, etc 2001-
300 ## - PHYSICAL DESCRIPTION
Extent v. ;
Dimensions 25 cm.
310 ## - CURRENT PUBLICATION FREQUENCY
Current publication frequency Semiannual
362 ## - DATES OF PUBLICATION AND/OR SEQUENTIAL DESIGNATION
Dates of publication and/or sequential designation Began with: Vol. l, no. l (July 1966).
500 ## - GENERAL NOTE
General note Description based on: Vol. 27, no. 4 (Oct. 1992); title from cover.
650 ## - SUBJECT ADDED ENTRY--TOPICAL TERM
Topical term or geographic name as entry element Education
General subdivision Abstrats
Geographic subdivision India
Form subdivision Periodicals.
710 ## - ADDED ENTRY--CORPORATE NAME
Corporate name or jurisdiction name as entry element National Council of Educational Research and Training (India)
942 ## - ADDED ENTRY ELEMENTS (KOHA)
Source of classification or shelving scheme Dewey Decimal Classification
Item type Periodicals
Serial record 1
Holdings
Withdrawn status Lost status Source of classification or shelving scheme Damaged status Not for loan Collection code Home library Current library Date acquired Total Checkouts Date last seen Price effective from Koha item type
    Dewey Decimal Classification   Not For Loan Non-fiction D.B.Act.Division D.B.Act.Division 15/10/2009   15/10/2009 15/10/2009 Periodicals

© Delhi Public Library
Hit Counter
free hit counter